[Event "Brühler SK 1 - Ratinger SK 1"]
[Site "NRW-Klasse - Gruppe 3 2019/20"]
[Date "2020.02.02"]
[Round "6.4"]
[White "Engel, Johann"]
[Black "Gatterer, Matthias"]
[Result "1/2-1/2"]
[WhiteElo "2136"]
[BlackElo "1984"]
[PlyCount "80"]
[EventDate "2020.??.??"]
[SourceVersionDate "2020.03.16"]
[WhiteTeam "Brühler SK 1"]
[BlackTeam "Ratinger SK 1"]

1. d4 d5 2. c4 e6 3. Nc3 Nf6 4. Bg5 Nbd7 5. e3 Be7 6. Nf3 O-O 7. cxd5 exd5 8.
Bd3 c6 9. O-O Re8 10. Qc2 Nf8 11. Rab1 a5 12. a3 Ng6 13. b4 axb4 14. axb4 Bd6
15. b5 h6 16. bxc6 bxc6 17. Bxf6 Qxf6 18. Ne2 Bg4 19. Nd2 Ra3 20. Ng3 Ne7 21.
Ra1 Rea8 22. Qb2 Ng6 23. Rxa3 Rxa3 24. Nb3 Qd8 25. Ra1 Qa8 26. Rxa3 Qxa3 27.
Qc2 Ne7 28. Nf1 Bc8 29. Nc5 Qa5 30. Nd2 Qa1+ 31. Qb1 Qxb1+ 32. Bxb1 Bf5 33. Ba2
Kf8 34. Bb3 Bc7 35. Bd1 Ba5 36. Ndb3 Bb6 37. Na6 Ke8 38. Nb4 Kd7 39. Nc5+ Kd6
40. Nbd3 Bxd3 1/2-1/2

[Event "Brühler SK 1 - Ratinger SK 1"]
[Site "NRW-Klasse - Gruppe 3 2019/20"]
[Date "2020.02.02"]
[Round "6.5"]
[White "Podhorsky, Roman"]
[Black "Schaefer, Juergen"]
[Result "1/2-1/2"]
[WhiteElo "1995"]
[BlackElo "2120"]
[PlyCount "110"]
[EventDate "2020.??.??"]
[SourceVersionDate "2020.03.16"]
[WhiteTeam "Ratinger SK 1"]
[BlackTeam "Brühler SK 1"]

1. e4 g6 2. d4 Bg7 3. Nf3 d6 4. Nc3 a6 5. Be2 b5 6. O-O Bb7 7. e5 h6 8. e6 fxe6
9. Qd3 Kd7 10. Nh4 Nf6 11. Nxg6 Rg8 12. Nf4 b4 13. Qh3 Kc8 14. Ncd5 Bxd5 15.
Nxd5 Nxd5 16. Qxe6+ Kb7 17. Qxd5+ c6 18. Qc4 a5 19. Be3 d5 20. Qd3 Qd6 21. a3
Nd7 22. axb4 axb4 23. c4 dxc4 24. Qxc4 Nb6 25. Qf7 Raf8 26. Qa2 Ra8 27. Ba6+
Kc7 28. Rfd1 Bf6 29. Qa5 Qd5 30. Qxd5 Nxd5 31. Bc4 Bg5 32. Bxg5 hxg5 33. g3 Kd6
34. Rxa8 Rxa8 35. Re1 e6 36. Kg2 Rb8 37. b3 Ra8 38. h3 Ra2 39. Re2 Rxe2 40.
Bxe2 e5 41. dxe5+ Kxe5 42. Kf3 c5 43. h4 gxh4 44. gxh4 Nf4 45. Bb5 Kf5 46. Bd7+
Ke5 47. Kg4 Nd3 48. f3 Kf6 49. f4 c4 50. bxc4 b3 51. Ba4 Nc5 52. Bxb3 Nxb3 53.
h5 Nc5 54. f5 Nd3 55. h6 Ne5+ 1/2-1/2

[Event "Brühler SK 1 - Ratinger SK 1"]
[Site "NRW-Klasse - Gruppe 3 2019/20"]
[Date "2020.02.02"]
[Round "6.6"]
[White "Keller, Thomas"]
[Black "Katz, Rafael"]
[Result "1-0"]
[WhiteElo "2172"]
[BlackElo "1971"]
[PlyCount "41"]
[EventDate "2020.??.??"]
[SourceVersionDate "2020.03.16"]
[WhiteTeam "Brühler SK 1"]
[BlackTeam "Ratinger SK 1"]

1. e4 c6 2. d3 d5 3. Nc3 e5 4. Nf3 Bd6 5. g3 Bg4 6. Bg2 Nf6 7. h3 Bh5 8. O-O
O-O 9. Re1 Nbd7 10. g4 Bg6 11. Nh4 Nxe4 12. Nxe4 Bxe4 13. dxe4 Qxh4 14. exd5 f5
15. dxc6 fxg4 16. Be3 gxh3 17. Bd5+ Kh8 18. cxd7 e4 19. Kh1 Rxf2 20. Bxf2 Qxf2
21. Qe2 1-0

[Event "Brühler SK 1 - Ratinger SK 1"]
[Site "NRW-Klasse - Gruppe 3 2019/20"]
[Date "2020.02.02"]
[Round "6.7"]
[White "Voigt, Lothar"]
[Black "Spilles, Matthias"]
[Result "1/2-1/2"]
[WhiteElo "1914"]
[BlackElo "2135"]
[PlyCount "57"]
[EventDate "2020.??.??"]
[SourceVersionDate "2020.03.16"]
[WhiteTeam "Ratinger SK 1"]
[BlackTeam "Brühler SK 1"]

1. d4 Nf6 2. c4 e6 3. Nc3 Bb4 4. e3 O-O 5. Nge2 Re8 6. a3 Bf8 7. g3 d5 8. c5
Nbd7 9. Bg2 c6 10. f4 Ng4 11. O-O f6 12. h3 Nh6 13. g4 e5 14. fxe5 fxe5 15. b4
e4 16. Bd2 Qg5 17. b5 Nf6 18. bxc6 bxc6 19. Qe1 Ba6 20. Qg3 Be7 21. Qf4 Qg6 22.
Qc7 Rac8 23. Qxa7 Bxe2 24. Nxe2 Nfxg4 25. Nf4 Qg5 26. Ne6 Qg6 27. Nf4 Qg5 28.
Ne6 Qg6 29. Nf4 1/2-1/2

[Event "Brühler SK 1 - Ratinger SK 1"]
[Site "NRW-Klasse - Gruppe 3 2019/20"]
[Date "2020.02.02"]
[Round "6.8"]
[White "Haskelman, Evgen"]
[Black "Gerhards, Walter"]
[Result "1-0"]
[WhiteElo "2070"]
[BlackElo "1778"]
[PlyCount "75"]
[EventDate "2020.??.??"]
[SourceVersionDate "2020.03.16"]
[WhiteTeam "Brühler SK 1"]
[BlackTeam "Ratinger SK 1"]

1. e4 e6 2. d4 d5 3. e5 c5 4. c3 Nc6 5. Nf3 Qb6 6. Bd3 Bd7 7. dxc5 Bxc5 8. O-O
Qc7 9. Qe2 Nge7 10. b4 Bb6 11. Na3 a6 12. b5 Na5 13. bxa6 bxa6 14. Bxa6 O-O 15.
Bd3 Ng6 16. Rb1 Bc5 17. Nb5 Bxb5 18. Rxb5 Be7 19. Bd2 Nc6 20. Bxg6 hxg6 21. Ra1
Ra3 22. Rb3 Rfa8 23. Rxa3 Rxa3 24. h4 Qb8 25. Bg5 Bxg5 26. hxg5 Rxc3 27. a4 Na5
28. Qb5 Qc7 29. Rb1 Rc1+ 30. Rxc1 Qxc1+ 31. Kh2 Qf4+ 32. Kh3 Nc4 33. a5 Qf5+
34. Kg3 Nxe5 35. Qb8+ Kh7 36. Qxe5 Qd3 37. Qe3 Qa3 38. Qxa3 1-0

[Event "NRW-Klasse, Gruppe 3"]
[Site "?"]
[Date "2020.02.02"]
[Round "6.1"]
[White "Adrzejewski, Roman"]
[Black "Draeger, Thomas"]
[Result "1/2-1/2"]
[WhiteElo "1616"]
[BlackElo "2213"]
[PlyCount "91"]
[EventDate "2020.??.??"]
[SourceVersionDate "2020.03.16"]
[WhiteTeam "SC Tornado Hochneukirch"]
[BlackTeam "DJK Aufwärts Aachen 3"]

1. d4 Nf6 2. c4 e6 3. Nc3 Bb4 4. Bd2 O-O 5. Nf3 c5 6. e3 cxd4 7. exd4 d5 8.
cxd5 exd5 9. Be2 Nc6 10. a3 Be7 11. O-O Ne4 12. Rc1 Nxd2 13. Qxd2 Be6 14. Bb5
Na5 15. Qd1 a6 16. Bd3 b5 17. Ne5 Nc4 18. Qe2 Rc8 19. f4 Rc7 20. Rf2 Nxe5 21.
fxe5 Bh4 22. g3 Bg5 23. Rcf1 g6 24. h4 Bh6 25. Rf6 Bg7 26. R6f2 Qd7 27. Rh2 Qe7
28. Qf3 Rd7 29. h5 Qg5 30. Rh4 Qe7 31. hxg6 hxg6 32. Rf2 f5 33. Rfh2 Qg5 34.
Qf4 Qd8 35. Rh7 Qe7 36. Kg2 Rfd8 37. Qh4 Qxh4 38. R7xh4 Kf7 39. Rh7 Rb8 40. Kf3
b4 41. Na4 bxa3 42. bxa3 a5 43. Nc5 Re7 44. a4 Rb4 45. Ke3 Kg8 46. Bb5 1/2-1/2

[Event "NRW-Klasse, Gruppe 3"]
[Site "?"]
[Date "2020.02.02"]
[Round "6.2"]
[White "Gourevitch, Mikhail"]
[Black "Bub, Volker"]
[Result "1/2-1/2"]
[WhiteElo "2112"]
[BlackElo "2115"]
[PlyCount "57"]
[EventDate "2020.??.??"]
[SourceVersionDate "2020.03.16"]
[WhiteTeam "DJK Aufwärts Aachen 3"]
[BlackTeam "SC Tornado Hochneukirch"]

1. e4 c5 2. Nf3 d6 3. d4 cxd4 4. Nxd4 Nf6 5. Nc3 a6 6. g3 Bg4 7. f3 Bd7 8. Bg2
Nc6 9. Nxc6 bxc6 10. O-O Rb8 11. Qd3 Qc8 12. b3 g6 13. Be3 Bg7 14. Rad1 O-O 15.
Ne2 c5 16. c4 a5 17. Nc3 a4 18. bxa4 Rb4 19. Rb1 Qa6 20. e5 Bf5 21. Qd2 dxe5
22. Bxc5 Rxb1 23. Nxb1 Rc8 24. Be3 Qxc4 25. Rd1 h5 26. a5 Qa4 27. Rc1 Rxc1+ 28.
Qxc1 Qxa5 29. Nc3 1/2-1/2

[Event "NRW-Klasse, Gruppe 3"]
[Site "?"]
[Date "2020.02.02"]
[Round "6.3"]
[White "Huesmann, Thomas"]
[Black "Schloemer, Armin"]
[Result "0-1"]
[WhiteElo "2163"]
[BlackElo "1821"]
[PlyCount "78"]
[EventDate "2020.??.??"]
[SourceVersionDate "2020.03.16"]
[WhiteTeam "SC Tornado Hochneukirch"]
[BlackTeam "DJK Aufwärts Aachen 3"]

1. e4 c5 2. Nc3 a6 3. Nf3 Nc6 4. d4 cxd4 5. Nxd4 e6 6. Be2 Nf6 7. O-O Qc7 8.
Be3 d6 9. f4 Bd7 10. Nb3 b5 11. Bf3 Rb8 12. g4 b4 13. Ne2 h5 14. h3 hxg4 15.
hxg4 Rh3 16. Kf2 d5 17. e5 Nxe5 18. fxe5 Qxe5 19. Bf4 Rxf3+ 20. Kxf3 Qe4+ 21.
Kg3 e5 22. Nd2 exf4+ 23. Nxf4 Qe3+ 24. Rf3 Qe5 25. Qe1 Nxg4 26. Qxe5+ Nxe5 27.
Re3 f6 28. Nxd5 Kf7 29. Ne4 Bc6 30. Nf4 Nc4 31. Re2 Ne5 32. Rd1 Bb5 33. Red2
Nc4 34. Rd8 Rb6 35. Nd5 Re6 36. Re1 Nd6 37. Nxd6+ Bxd6+ 38. Rxd6 Rxd6 39. Ne3
g6 {(ZUe)} 0-1

[Event "NRW-Klasse, Gruppe 3"]
[Site "?"]
[Date "2020.02.02"]
[Round "6.4"]
[White "Braeuer, Karl-Heinz"]
[Black "Zimmermann, Rolf"]
[Result "1/2-1/2"]
[WhiteElo "1982"]
[BlackElo "2093"]
[PlyCount "56"]
[EventDate "2020.??.??"]
[SourceVersionDate "2020.03.16"]
[WhiteTeam "DJK Aufwärts Aachen 3"]
[BlackTeam "SC Tornado Hochneukrch"]

1. d4 d5 2. Bf4 Nf6 3. e3 e6 4. Nd2 Bd6 5. Bg3 O-O 6. Ngf3 b6 7. Bd3 Ba6 8. Qe2
Bxd3 9. Qxd3 Nbd7 10. c3 Re8 11. O-O Bxg3 12. hxg3 c5 13. Rfe1 e5 14. dxe5 Nxe5
15. Qc2 Qc7 16. Rad1 Rad8 17. e4 dxe4 18. Nxe4 Nxe4 19. Rxd8 Qxd8 20. Rxe4 Ng6
21. Rxe8+ Qxe8 22. Qd2 Qe7 23. Kf1 h6 24. Qd5 Kh7 25. Qf5 Qe8 26. b3 Kg8 27.
Qd3 Qe7 28. Qd5 Kh7 1/2-1/2

[Event "NRW-Klasse, Gruppe 3"]
[Site "?"]
[Date "2020.02.02"]
[Round "6.5"]
[White "Heller, Harald"]
[Black "Hennicken, Reinhard"]
[Result "1/2-1/2"]
[WhiteElo "1946"]
[BlackElo "2023"]
[PlyCount "51"]
[EventDate "2020.??.??"]
[SourceVersionDate "2020.03.16"]
[WhiteTeam "SC Tornado Hochneukirch"]
[BlackTeam "DJK Aufwärts Aachen 3"]

1. d4 Nf6 2. Nf3 e6 3. e3 b6 4. Bd3 Bb7 5. O-O Ne4 6. c4 f5 7. Nc3 Nxc3 8. bxc3
Be7 9. d5 Na6 10. Nd4 Nc5 11. Bc2 O-O 12. Ba3 Ne4 13. Bxe7 Qxe7 14. f3 Nc5 15.
Re1 g6 16. e4 f4 17. Nb5 d6 18. e5 a6 19. exd6 cxd6 20. Nd4 e5 21. Nb3 Qc7 22.
Nd2 a5 23. Kh1 Ba6 24. Qe2 Nd7 25. Ba4 Nc5 26. Bb5 1/2-1/2

[Event "NRW-Klasse, Gruppe 3"]
[Site "?"]
[Date "2020.02.02"]
[Round "6.6"]
[White "Korinth, Leonardo"]
[Black "Burstein, Garri"]
[Result "0-1"]
[WhiteElo "1785"]
[BlackElo "1976"]
[PlyCount "52"]
[EventDate "2020.??.??"]
[SourceVersionDate "2020.03.16"]
[WhiteTeam "DJK Aufwärts Aachen 3"]
[BlackTeam "SC Tornado Hochneukirch"]

1. e4 c5 2. Nf3 d6 3. Bb5+ Nc6 4. c3 Bd7 5. d4 Nf6 6. d5 Ne5 7. Bxd7+ Nexd7 8.
Qe2 g6 9. O-O Bg7 10. Bg5 h6 11. Bf4 Nh5 12. Be3 O-O 13. Nbd2 f5 14. exf5 gxf5
15. Nh4 Qe8 16. f4 Qf7 17. Rae1 Rae8 18. g4 fxg4 19. Qxg4 Ndf6 20. Qg6 Nxd5 21.
f5 e6 22. Nc4 exf5 23. Qxf7+ Rxf7 24. Nxf5 Nxe3 25. Nxg7 Rxf1+ 26. Rxf1 Nxg7
0-1

[Event "NRW-Klasse, Gruppe 3"]
[Site "?"]
[Date "2020.02.02"]
[Round "6.7"]
[White "Bohlmann, Erwin"]
[Black "Mossakowski, Gustaf"]
[Result "1/2-1/2"]
[WhiteElo "1869"]
[BlackElo "1792"]
[PlyCount "44"]
[EventDate "2020.??.??"]
[SourceVersionDate "2020.03.16"]
[WhiteTeam "SC Tornado Hochneukirch"]
[BlackTeam "DJK Aufwärts Aachen 3"]

1. Nf3 d6 2. d4 Nf6 3. Nc3 g6 4. e4 Bg7 5. Be2 O-O 6. O-O c6 7. h3 Qb6 8. Rb1
d5 9. exd5 Nxd5 10. Nxd5 cxd5 11. Be3 Bf5 12. Bd3 Bxd3 13. Qxd3 Nc6 14. c3 Rac8
15. b3 a6 16. Rfc1 Qd8 17. Qd2 b5 18. Bh6 Qd6 19. Bxg7 Kxg7 20. Rd1 f6 21. Rbc1
e6 22. Ne1 Nd8 1/2-1/2

[Event "NRW-Klasse, Gruppe 3"]
[Site "?"]
[Date "2020.02.02"]
[Round "6.8"]
[White "Hepting, Frank"]
[Black "Wolter, Harald"]
[Result "1/2-1/2"]
[WhiteElo "1304"]
[BlackElo "1912"]
[PlyCount "42"]
[EventDate "2020.??.??"]
[SourceVersionDate "2020.03.16"]
[WhiteTeam "DJK Aufwärts Aachen 3"]
[BlackTeam "SC Tornado Hochneukirch"]

1. e4 e6 2. d4 c5 3. Nf3 cxd4 4. Nxd4 Nf6 5. Nc3 Nc6 6. Be3 d5 7. Bb5 Qc7 8.
exd5 exd5 9. Qe2 Be6 10. f4 Be7 11. O-O O-O 12. f5 Bd7 13. Rad1 a6 14. Ba4 Bd6
15. Nf3 Bxf5 16. Nxd5 Nxd5 17. Rxd5 Be4 18. Rh5 Bg6 19. Rh3 Bf5 20. Rh5 Bg6 21.
Rh3 Bf5 1/2-1/2

[Event "SC Tornado Hochneukirch 1 - SV Mülheim"]
[Site "NRW-Klasse - Gruppe 3 2019/20"]
[Date "2020.02.23"]
[Round "7.1"]
[White "Walter, Andreas"]
[Black "Andrzejewski, Roman"]
[Result "1-0"]
[WhiteElo "2102"]
[BlackElo "1618"]
[PlyCount "79"]
[EventDate "2020.??.??"]
[SourceVersionDate "2020.03.16"]
[WhiteTeam "SV Mülheim-Nord 3"]
[BlackTeam "SC Tornado Hochneukirch 1"]

1. d4 d5 2. c4 e6 3. Nc3 Nf6 4. cxd5 exd5 5. Bg5 Be6 6. e3 a6 7. Bd3 Be7 8. h3
h6 9. Bf4 Bd6 10. Nge2 O-O 11. O-O Nc6 12. a3 Qd7 13. Qc2 Rfe8 14. Rfd1 Ne7 15.
Bxd6 Qxd6 16. Rac1 c6 17. Na4 Nd7 18. Nf4 Rad8 19. b4 Kh8 20. Nc5 Nxc5 21. bxc5
Qc7 22. Rb1 Bc8 23. Ne2 f5 24. Kh1 Rf8 25. Qd2 Rf6 26. f4 Ng6 27. Ng1 Nh4 28.
g3 Ng6 29. Nf3 Qf7 30. Kh2 Rf8 31. Rf1 Re6 32. Rbe1 Rf6 33. Re2 Re8 34. Ne5
Nxe5 35. fxe5 Rg6 36. Ref2 Rg5 37. h4 Rxg3 38. Kxg3 f4+ 39. Rxf4 Qe6 40. Rf8+
1-0

[Event "SC Tornado Hochneukirch 1 - SV Mülheim"]
[Site "NRW-Klasse - Gruppe 3 2019/20"]
[Date "2020.02.23"]
[Round "7.2"]
[White "Bub, Volker"]
[Black "Limbourg, Philipp"]
[Result "0-1"]
[WhiteElo "2086"]
[BlackElo "2218"]
[PlyCount "68"]
[EventDate "2020.??.??"]
[SourceVersionDate "2020.03.16"]
[WhiteTeam "SC Tornado Hochneukirch 1"]
[BlackTeam "SV Mülheim-Nord 3"]

1. e4 c5 2. d3 Nc6 3. g3 g6 4. Bg2 Bg7 5. f4 d6 6. Nf3 e5 7. O-O exf4 8. gxf4
Nge7 9. c3 d5 10. Qe2 O-O 11. Nbd2 Bg4 12. Qf2 Rc8 13. Qh4 dxe4 14. dxe4 Bh5
15. f5 f6 16. Bh3 Rc7 17. fxg6 Bxg6 18. Be6+ Bf7 19. Bh3 Ng6 20. Qg3 Kh8 21.
Nh4 Bh6 22. Nf5 Bxd2 23. Bxd2 Nce5 24. Bh6 Rg8 25. Rad1 Rd7 26. Rxd7 Nxd7 27.
Rd1 Be8 28. Kh1 Qb8 29. Nd6 Nge5 30. Qf4 Bh5 31. Nf7+ Nxf7 32. Qxb8 Bf3+ 33.
Bg2 Bxg2+ 34. Kg1 Nxb8 0-1

[Event "SC Tornado Hochneukirch 1 - SV Mülheim"]
[Site "NRW-Klasse - Gruppe 3 2019/20"]
[Date "2020.02.23"]
[Round "7.3"]
[White "Kuipers, Dustin"]
[Black "Huesmann, Thomas"]
[Result "1-0"]
[WhiteElo "2100"]
[BlackElo "2143"]
[PlyCount "73"]
[EventDate "2020.??.??"]
[SourceVersionDate "2020.03.16"]
[WhiteTeam "SV Mülheim-Nord 3"]
[BlackTeam "SC Tornado Hochneukirch 1"]

1. Nf3 f5 2. d3 Nf6 3. e4 d6 4. exf5 Bxf5 5. d4 Nc6 6. Bb5 a6 7. Ba4 b5 8. Bb3
Na5 9. O-O Nxb3 10. axb3 g6 11. Re1 Bg7 12. Ng5 O-O 13. Ne6 Bxe6 14. Rxe6 Nd5
15. c4 bxc4 16. bxc4 Nf4 17. Re4 e5 18. Bxf4 exf4 19. Nc3 f3 20. gxf3 c6 21.
Qe2 Ra7 22. Qe3 Raf7 23. Kg2 Qc8 24. Ra5 Bf6 25. Ne2 Qb7 26. Re8 Qb6 27. Rxf8+
Kxf8 28. Qa3 Rb7 29. Rxa6 Qb4 30. Qxb4 Rxb4 31. Rxc6 Rxb2 32. Nf4 Bh4 33. Nh3
Be7 34. Kg3 Ke8 35. Nf4 Kd7 36. Ra6 Bf6 37. c5 1-0

[Event "SC Tornado Hochneukirch 1 - SV Mülheim"]
[Site "NRW-Klasse - Gruppe 3 2019/20"]
[Date "2020.02.23"]
[Round "7.4"]
[White "Zimmermann, Rolf"]
[Black "Oltmanns, Jan"]
[Result "1/2-1/2"]
[WhiteElo "2098"]
[BlackElo "2025"]
[PlyCount "69"]
[EventDate "2020.??.??"]
[SourceVersionDate "2020.03.16"]
[WhiteTeam "SC Tornado Hochneukirch 1"]
[BlackTeam "SV Mülheim-Nord 3"]

1. d4 Nf6 2. Nf3 e6 3. Bg5 Be7 4. e3 b6 5. c4 Bb7 6. Nc3 O-O 7. Bd3 c5 8. O-O
cxd4 9. Nxd4 Na6 10. Rc1 Nc5 11. Bb1 Nfe4 12. Bxe7 Qxe7 13. Nxe4 Bxe4 14. Bxe4
Nxe4 15. Nb5 a6 16. Nc3 Nxc3 17. Rxc3 Rfd8 18. Qd4 Rab8 19. Rfc1 d6 20. e4 Qg5
21. g3 h6 22. b3 Qc5 23. Rd1 Qxd4 24. Rxd4 Kf8 25. Rcd3 Ke7 26. f4 a5 27. Kf2
f6 28. Ke3 Rbc8 29. g4 Rc5 30. a3 g5 31. f5 e5 32. Rd5 a4 33. Rxc5 dxc5 34.
Rxd8 Kxd8 35. bxa4 1/2-1/2

[Event "SC Tornado Hochneukirch 1 - SV Mülheim"]
[Site "NRW-Klasse - Gruppe 3 2019/20"]
[Date "2020.02.23"]
[Round "7.5"]
[White "Mainusch, Martin"]
[Black "Heller, Harald"]
[Result "0-1"]
[WhiteElo "1935"]
[BlackElo "1946"]
[PlyCount "70"]
[EventDate "2020.??.??"]
[SourceVersionDate "2020.03.16"]
[WhiteTeam "SV Mülheim-Nord 3"]
[BlackTeam "SC Tornado Hochneukirch 1"]

1. Nf3 d6 2. d3 Nf6 3. g3 g6 4. Bg2 Bg7 5. O-O O-O 6. e4 c5 7. c3 Nc6 8. a3 a5
9. a4 c4 10. Na3 cxd3 11. Qxd3 Nd7 12. Be3 Nde5 13. Qe2 Bg4 14. h3 Nxf3+ 15.
Bxf3 Bxh3 16. Bg2 Be6 17. f4 Rc8 18. g4 f6 19. Bf3 Qd7 20. f5 Bf7 21. Nc4 Nd4
22. Bxd4 Bxc4 23. Qf2 Bxf1 24. Qxf1 e6 25. Qb5 Qf7 26. Qxa5 Rfe8 27. Qb5 e5 28.
Bd1 Qe7 29. Bb3+ Kh8 30. Be3 gxf5 31. gxf5 Qf8 32. Qxb7 Bh6 33. Bf2 Bf4 34. Bd1
Qh6 35. Bf3 Qh3 0-1

[Event "SC Tornado Hochneukirch 1 - SV Mülheim"]
[Site "NRW-Klasse - Gruppe 3 2019/20"]
[Date "2020.02.23"]
[Round "7.6"]
[White "Burstein, Garri"]
[Black "Brockhaus, Bernd"]
[Result "0-1"]
[WhiteElo "2050"]
[BlackElo "1945"]
[PlyCount "80"]
[EventDate "2020.??.??"]
[SourceVersionDate "2020.03.16"]
[WhiteTeam "SC Tornado Hochneukirch 1"]
[BlackTeam "SV Mülheim-Nord 3"]

1. Nf3 g6 2. g3 Bg7 3. Bg2 d6 4. d4 c6 5. Nc3 Qa5 6. h3 Nf6 7. Bd2 Nbd7 8. a4
h5 9. b4 Qc7 10. O-O e5 11. e4 O-O 12. Be3 a5 13. b5 exd4 14. Nxd4 c5 15. Nde2
Nb6 16. f4 Be6 17. f5 Bc4 18. Rf2 Kh7 19. Rb1 Nfd7 20. Qd2 Bxe2 21. Nxe2 Nc4
22. Qc1 Nxe3 23. Qxe3 Rae8 24. c3 d5 25. Qd3 Ne5 26. Qxd5 Rd8 27. b6 Qe7 28.
Qa2 g5 29. f6 Bxf6 30. Rbf1 Bg7 31. Rf5 f6 32. Rb1 Rd6 33. c4 Rfd8 34. Nc3 Rd2
35. Qb3 R8d3 36. Kh2 h4 37. g4 Qd6 38. Kh1 Nxg4 39. hxg4 Rh3+ 40. Kg1 Qh2+ 0-1

[Event "SC Tornado Hochneukirch 1 - SV Mülheim"]
[Site "NRW-Klasse - Gruppe 3 2019/20"]
[Date "2020.02.23"]
[Round "7.7"]
[White "Roitburd, Talik"]
[Black "Bohlmann, Erwin"]
[Result "0-1"]
[WhiteElo "2008"]
[BlackElo "1869"]
[Annotator "Daniel"]
[PlyCount "118"]
[EventDate "2020.??.??"]
[SourceVersionDate "2020.03.16"]
[WhiteTeam "SV Mülheim-Nord 3"]
[BlackTeam "SC Tornado Hochneukirch 1"]

1. e4 c5 2. Nf3 Nc6 3. Bb5 g6 4. c3 Qb6 5. Ba4 Bg7 6. O-O Nf6 7. e5 Nd5 8. d4
cxd4 9. cxd4 O-O 10. Nc3 Nxc3 11. bxc3 d5 12. exd6 exd6 13. Bf4 d5 14. Rb1 Qd8
15. Bxc6 bxc6 16. Ne5 Bf5 17. Rb7 Bxe5 18. Bxe5 f6 19. Bg3 Rf7 20. Qb3 Rxb7 21.
Qxb7 Qc8 22. Qe7 Qe6 23. Re1 Qf7 24. Bd6 g5 25. f3 Bg6 26. Qxf7+ Bxf7 27. Re7
a5 28. Kf2 Ra6 29. Rb7 Kg7 30. Ke3 a4 31. Bb4 h5 32. Kd2 Kg6 33. Kc1 g4 34.
fxg4 hxg4 35. Kd2 Be6 36. Ke3 Kf5 37. Rb8 Ra7 38. Rb6 Bd7 39. Rb8 Be6 40. Rb6
Bd7 41. Bc5 Ra8 42. Rb7 Re8+ 43. Kd3 Bc8 44. Ra7 Re1 45. Rxa4 Kg5 46. Ra8 Bf5+
47. Kd2 Rg1 48. Ke3 Rxg2 49. Bd6 Rc2 50. Bf4+ Kg6 51. a4 Rxc3+ 52. Ke2 Ra3 53.
a5 Bd3+ 54. Kd2 Bb5 55. Bd6 Ra4 56. Bc7 Rxd4+ 57. Kc3 Ra4 58. Rf8 d4+ 59. Kb3
d3 {Rest unleserlich!} 0-1

[Event "SC Tornado Hochneukirch 1 - SV Mülheim"]
[Site "NRW-Klasse - Gruppe 3 2019/20"]
[Date "2020.02.23"]
[Round "7.8"]
[White "Wolter, Harald"]
[Black "Grodotzki, Kenneth"]
[Result "1/2-1/2"]
[WhiteElo "1912"]
[BlackElo "1985"]
[PlyCount "82"]
[EventDate "2020.??.??"]
[SourceVersionDate "2020.03.16"]
[WhiteTeam "SC Tornado Hochneukirch 1"]
[BlackTeam "SV Mülheim-Nord 3"]

1. d4 f5 2. g3 Nf6 3. Bg2 g6 4. c4 Bg7 5. Nc3 O-O 6. Nf3 d6 7. O-O Qe8 8. Bf4
h6 9. h4 Na6 10. Qd2 Kh7 11. Rae1 Qf7 12. b3 Ne4 13. Nxe4 fxe4 14. Nh2 c5 15.
d5 Bf5 16. f3 exf3 17. Bxf3 Qf6 18. e4 Qd4+ 19. Kg2 Qxd2+ 20. Bxd2 Bd7 21. Bg4
Rxf1 22. Rxf1 Be8 23. Be6 Nb4 24. a4 Nd3 25. Nf3 a6 26. Ne1 Nxe1+ 27. Bxe1 b5
28. axb5 axb5 29. Bg4 b4 30. Bd1 Ra2+ 31. Bf2 g5 32. hxg5 hxg5 33. Kf3 Bh5+ 34.
g4 Bg6 35. Be3 Bf6 36. Rf2 Ra1 37. Rf1 Kg7 38. Rg1 Ra2 39. Re1 Rh2 40. Bg1 Rb2
41. Be3 Rh2 1/2-1/2

[Event "Ratinger SK 1 - DJK Aufwärts Aachen 3"]
[Site "NRW-Klasse - Gruppe 3 2019/20"]
[Date "2020.02.23"]
[Round "7.1"]
[White "Draeger, Thomas"]
[Black "Graeber, Ralf"]
[Result "1/2-1/2"]
[WhiteElo "2208"]
[BlackElo "2130"]
[PlyCount "50"]
[EventDate "2020.??.??"]
[SourceVersionDate "2020.03.16"]
[WhiteTeam "DJK Aufwärts Aachen 3"]
[BlackTeam "Ratinger SK 1"]

1. e4 c5 2. Nf3 Nc6 3. Bb5 g6 4. Bxc6 dxc6 5. d3 Bg7 6. h3 e5 7. Nc3 Qc7 8. Be3
b6 9. Qd2 h6 10. a4 a5 11. Nh2 Nf6 12. O-O Nh5 13. Ne2 g5 14. Rab1 Be6 15. Rfd1
Qd7 16. Qe1 Nf4 17. Nxf4 gxf4 18. Bd2 Bf6 19. Qe2 h5 20. Kh1 O-O-O 21. Nf3 Rdg8
22. Rg1 Bg4 23. Kh2 Rg6 24. Rbd1 Rhg8 25. c3 Qe7 1/2-1/2

[Event "Ratinger SK 1 - DJK Aufwärts Aachen 3"]
[Site "NRW-Klasse - Gruppe 3 2019/20"]
[Date "2020.02.23"]
[Round "7.2"]
[White "Probst, Andreas"]
[Black "Juegel, Marcel"]
[Result "1-0"]
[WhiteElo "2119"]
[BlackElo "2192"]
[PlyCount "79"]
[EventDate "2020.??.??"]
[SourceVersionDate "2020.03.16"]
[WhiteTeam "Ratinger SK 1"]
[BlackTeam "DJK Aufwärts Aachen 3"]

1. e4 e6 2. d3 d5 3. Nd2 Nf6 4. Ngf3 b6 5. c3 Be7 6. Be2 Bb7 7. e5 Nfd7 8. O-O
c5 9. Re1 Nc6 10. d4 g5 11. h3 h5 12. Nf1 g4 13. hxg4 hxg4 14. N3h2 g3 15. Nxg3
cxd4 16. cxd4 Bb4 17. Nf3 Bxe1 18. Bg5 Bxf2+ 19. Kxf2 f6 20. exf6 Nxf6 21. Bb5
Ng4+ 22. Kg1 Qd6 23. Qc2 Kd7 24. Rc1 Rag8 25. Bf6 Nxf6 26. Ne5+ Ke7 27. Bxc6
Rxg3 28. Bxb7 Nd7 29. Qf2 Rg7 30. Rf1 Rh6 31. Bc8 Rgh7 32. Qf7+ Rxf7 33. Rxf7+
Ke8 34. Bxd7+ Kd8 35. Bb5 Rh4 36. Rxa7 Rxd4 37. Nf7+ Kc8 38. Nxd6+ Kb8 39. Re7
Rd2 40. Bc6 1-0

[Event "Ratinger SK 1 - DJK Aufwärts Aachen 3"]
[Site "NRW-Klasse - Gruppe 3 2019/20"]
[Date "2020.02.23"]
[Round "7.3"]
[White "Cnossen, Wiebe"]
[Black "Dehne, Mirko"]
[Result "1/2-1/2"]
[WhiteElo "2125"]
[BlackElo "2103"]
[PlyCount "46"]
[EventDate "2020.??.??"]
[SourceVersionDate "2020.03.16"]
[WhiteTeam "DJK Aufwärts Aachen 3"]
[BlackTeam "Ratinger SK 1"]

1. d4 Nf6 2. c4 g6 3. Nc3 Bg7 4. e4 d6 5. Bd3 O-O 6. Nge2 Na6 7. O-O e5 8. d5
c6 9. f3 Nc5 10. Bc2 a5 11. Be3 cxd5 12. cxd5 Bd7 13. a3 a4 14. Nc1 Qa5 15. Nd3
Nxd3 16. Bxd3 Rfc8 17. Qe2 Be8 18. Rfc1 Nd7 19. Bb5 Nc5 20. Bxe8 Rxe8 21. Nb5
Bf8 22. Rc2 Nb3 23. Rd1 Rec8 1/2-1/2

[Event "Ratinger SK 1 - DJK Aufwärts Aachen 3"]
[Site "NRW-Klasse - Gruppe 3 2019/20"]
[Date "2020.02.23"]
[Round "7.4"]
[White "Gatterer, Matthias"]
[Black "Gourevitch, Mikhail"]
[Result "0-1"]
[WhiteElo "2005"]
[BlackElo "2114"]
[PlyCount "90"]
[EventDate "2020.??.??"]
[SourceVersionDate "2020.03.16"]
[WhiteTeam "Ratinger SK 1"]
[BlackTeam "DJK Aufwärts Aachen 3"]

1. Nf3 Nf6 2. d4 g6 3. c4 Bg7 4. Nc3 d5 5. e3 O-O 6. b4 c6 7. Bb2 Nbd7 8. Be2
dxc4 9. Bxc4 Nb6 10. Bb3 Qd6 11. a3 Be6 12. O-O Nc4 13. Qe2 Nxb2 14. Qxb2 h6
15. Bxe6 Qxe6 16. b5 Rac8 17. bxc6 Rxc6 18. Rfc1 Rb6 19. Qd2 Rd8 20. Rab1 Rxb1
21. Rxb1 b6 22. Rc1 Ne8 23. Qa2 Qd7 24. h3 Nd6 25. Ne2 Rc8 26. a4 e6 27. Rc2
Rc7 28. Nc1 Qc8 29. Rxc7 Qxc7 30. Nd3 Qc3 31. Qd2 Qa1+ 32. Kh2 Qxa4 33. Nde5
Nc4 34. Qc3 Nxe5 35. dxe5 Bf8 36. Qc8 a5 37. Nd4 Qa2 38. f4 a4 39. e4 a3 40. f5
gxf5 41. exf5 Qf2 42. Nxe6 fxe6 43. Qxe6+ Kh8 44. Qf7 Qc5 45. e6 Qd6+ 0-1